000 00594nam a2200181Ia 4500
005 20250423101256.0
008 250422s9999 xx 000 0 und d
020 _a9780787903534
050 _aHD 58.9 .K38/
100 _aEdited by Kaufman, Roger, Sivailam, Thiagarajan and Paula, MacGillis
245 4 _aThe guidebook for performance improvememt : working with individuals and organizations
260 _aUnited State
260 _bSan Francisco
260 _c1997
300 _a650 p
650 _aOrganizational effectiveness--Measurement. Performance--Measurement.
942 _cBK
999 _c35823
_d35823